00185nam a2200073Ia 4500008004100000100001500041245003200056260002300088170817s9999 xx 000 0 und d aPASSI B.K. 0aCOMPUTER AND CORAL LEARNING bNATIONAL PSY. AGRA